| 000 | 004790000a22001810004500 | ||
|---|---|---|---|
| 003 | LK-CoMWRAF | ||
| 008 | 230817t ||||| |||| 00| 0 eng d | ||
| 020 | _a9558398039 | ||
| 040 |
_aLK-CoMWRAF _dLK-CoMWRAF _eLK-CoMWRAF |
||
| 041 | _aeng | ||
| 082 |
_a160 _bALA |
||
| 100 | _aA.A.Thaha Jabir | ||
| 245 |
_aIslamiya sattaviyalil penkalin satchiyam _bTestimony of Women in Islamic Law |
||
| 250 | _a1st | ||
| 260 |
_aSri Lanka _bFUZIN TEXTS _Y2001 |
||
| 300 | _ap.46 | ||
| 942 | _cBK | ||
| 999 |
_c354 _d354 |
||